Berättelseskrivande I Skolan : Att Studera, Beskriva Och Utveckla Ett Kunnande.

Bibliographic Details
Main Author: Thorsten, Anja.
Format: eBook
Language:Swedish
Published: Linköping : Linkopings Universitet, 2018.
Edition:1st ed.
Series:Linköping Studies in Behavioural Science Series
Subjects:
Online Access:Click to View
LEADER 01952nam a22003853i 4500
001 EBC5477741
003 MiAaPQ
005 20240729202202.0
006 m o d |
007 cr cnu||||||||
008 240729s2018 xx o ||||0 swe d
020 |a 9789176852583  |q (electronic bk.) 
035 |a (MiAaPQ)EBC5477741 
035 |a (Au-PeEL)EBL5477741 
035 |a (CaPaEBR)ebr11598282 
035 |a (OCoLC)1048792917 
040 |a MiAaPQ  |b eng  |e rda  |e pn  |c MiAaPQ  |d MiAaPQ 
100 1 |a Thorsten, Anja. 
245 1 0 |a Berättelseskrivande I Skolan :  |b Att Studera, Beskriva Och Utveckla Ett Kunnande. 
250 |a 1st ed. 
264 1 |a Linköping :  |b Linkopings Universitet,  |c 2018. 
264 4 |c {copy}2018. 
300 |a 1 online resource (97 pages) 
336 |a text  |b txt  |2 rdacontent 
337 |a computer  |b c  |2 rdamedia 
338 |a online resource  |b cr  |2 rdacarrier 
490 1 |a Linköping Studies in Behavioural Science Series ;  |v v.208 
505 0 |a Intro -- SAMMANFATTNING -- ABSTRACT -- AVHANDLINGENS PUBLIKATIONER -- FÖRORD -- INNEHÅLLSFÖRTECKNING -- 1. INTRODUKTION -- 2. BERÄTTELSESKRIVANDE -- 3. VARIATIONSTEORI -- 4. ATT UNDERSÖKA OCH UTVECKLA ETT KUNNANDE -- 5. METOD OCH GENOMFÖRANDE -- 6. AVHANDLINGENS STUDIER -- 7. DISKUSSION -- REFERENSER -- Bilaga 1 -- Bilaga 2 -- Publikationer. 
588 |a Description based on publisher supplied metadata and other sources. 
590 |a Electronic reproduction. Ann Arbor, Michigan : ProQuest Ebook Central, 2024. Available via World Wide Web. Access may be limited to ProQuest Ebook Central affiliated libraries.  
655 4 |a Electronic books. 
776 0 8 |i Print version:  |a Thorsten, Anja  |t Berättelseskrivande I Skolan  |d Linköping : Linkopings Universitet,c2018 
797 2 |a ProQuest (Firm) 
830 0 |a Linköping Studies in Behavioural Science Series 
856 4 0 |u https://ebookcentral.proquest.com/lib/matrademy/detail.action?docID=5477741  |z Click to View